00720nam a2200205 450000500170000001000150001702000260003203500140005803700130007208200220008510000240010724500390013125000100017026000640018027000640024430000210030894200290032999900190035895201370037720231128143205.0 aENG-138459 a9789354098208c820.00 aEN-121991 bDBAD/PUB a791.4309542First aNag, Amitava959126 a75 Years 75 Films/cBy Amitava Nag aFirst aNew DelhibThe Director General Publication Divisionsc2023 aSoochna Bhawan, CGO Complex, Lodhi Road bNew Delhie110003 a240p.c28cm(pbk) 2ddccENh791.430954mYEA c199266d199266 001040708NFICaVPbVPd2023-11-28eDBAD/PUBg820.00l0o791.430954 YEApEN-121991r2023-11-28 00:00:00t1v820.00w2023-11-28yEN